Statistics for Famous Cover Songs

Click here to take the quiz!

General Stats

  • This quiz has been taken 72 times
  • The average score is 9 of 20

Answer Stats

SongCoverOriginal Artist% Correct
I Shot the SheriffEric ClaptonBob Marley
88%
I Will Always Love YouWhitney HoustonDolly Parton
78%
Sound of SilenceDisturbedSimon & Garfunkel
72%
With A Little Help From My FriendsJoe CockerThe Beatles
72%
The Man Who Sold the WorldNirvanaDavid Bowie
71%
Everybody Wants to Rule the WorldLordeTears For Fears
69%
All Along the WatchtowerJimi HendrixBob Dylan
68%
HurtJohnny CashNine Inch Nails
65%
HallelujahJeff BuckleyLeonard Cohen
63%
Nothing Compares 2 USinead O' ConnorPrince
63%
RespectAretha FranklinOtis Redding
42%
Killing Me Softly With His SongFugeesRoberta Flack
40%
Blinded by the LightManfred Mann's Earth BandBruce Springsteen
34%
Skinny LoveBirdyBon Iver
22%
ValerieAmy WinehouseThe Zutons
18%
Tainted LoveMarilyn MansonGloria Jones
17%
Twist And ShoutThe BeatlesThe Isley Brothers
17%
SuperstitionStevie WonderJeff Beck
6%
Always On My MindPet Shop BoysBrenda Lee
5%
TornNatalia ImbrugliaEdnaswap
5%

Score Distribution

Percentile by Number Answered

Percent of People with Each Score

Your Score History

You have not taken this quiz